| 000 | 00359nam a2200133Ia 4500 | ||
|---|---|---|---|
| 008 | 191201s2004 xx 000 0 und d | ||
| 082 |
_a621.3804 _bRAB |
||
| 100 | _aRANGAYYAN, Rangaraj M | ||
| 245 | 0 | _aBiomedical Signal Analysis: A Case Study Approach | |
| 260 |
_aN.Delhi _bJohn wiley and Sons _c2004 |
||
| 300 | _a516 | ||
| 650 | _aApplied | ||
| 942 |
_2ddc _cBK |
||
| 999 |
_c1870 _d1870 |
||